| 000 | 00808nam a2200241 a 4500 | ||
|---|---|---|---|
| 001 | BRCA_4492 | ||
| 005 | 20190320204706.0 | ||
| 008 | 140910s1916----fr-a######---#000-0#fre-# | ||
| 041 | _afre | ||
| 044 | _afr | ||
| 050 | 4 |
_aHE6226 _b.C38 1 _c1916 |
|
| 245 | 1 | 0 |
_aCatalogue Prix-Courant _bde Timbres-Poste. |
| 250 | _a20 | ||
| 260 |
_aAmiens, Francia _bYvert & Tellier _c1916 |
||
| 300 |
_axxxiii, 835 p. _bil. _c18 cm. |
||
| 500 | _aIncluye léxico filatélico, la manera de reconocer los sellos, tabla de filigranas, cuadro de moneda extranjera, índice alfabético y tabla de materias | ||
| 500 | _aÚltimas hojas desprendidas y encuadernación deteriorada | ||
| 500 | _aVer también H15 (1918) | ||
| 500 | _aCG1 | ||
| 650 | 1 | 4 |
_aFranqueo _eSellos _vCatálogos _911381 |
| 902 | _aGFM | ||
| 942 |
_2lcc _cB |
||
| 999 |
_c4198 _d4198 |
||